000 00624nam a2200265Ia 4500
003 OSt
005 20220912152750.0
006 a|||||r|||| 00| 0
007 ta
008 220909b |||||||| |||| 00| 0 eng d
024 _a35387
037 _cTextual
040 _aCSL
_beng
_cCSL
041 _aeng
082 _aY:45:f, M4;3
100 _aNath Surinder
245 0 _aFingerprinting identification
260 _c1984
300 _ap.
_ccm.
650 _a Crime
650 _a Investigation
650 _aSociology
942 _hY:45:f, M4;3
_cTEXL
_2CC
999 _c91654
_d91654